000 00298nam a2200121Ia 4500
008 240731s9999 xx 000 0 und d
022 _a1747-4965
245 0 _aIrish Educational Studies
260 _bRoutledge
856 _uhttps://www.tandfonline.com/loi/ries20
942 _2ddc
942 _cTFEJ
999 _c77344
_d77344
945 _a1
_bMadushi Gamage
_c1
_dMadushi Gamage